A modern infokommunikációs technológia szerepe az idősek életében, a jövő lehetőségei, fejlesztési irányok

Bibliográfiai részletek
Szerző: Gottl Dorottya
További közreműködők: Gombás Dr. Judit
Dokumentumtípus: Diplomadolgozat
Kulcsszavak:IKT
időskor
infokommunikáció
Online Access:http://dolgozattar.uni-bge.hu/2213

MARC

LEADER 00000nta a2200000 i 4500
001 dolg2213
005 20160308164315.0
008 150506suuuu hu om 000 hun d
040 |a BGE Dolgozattár Repozitórium  |b hun 
041 |a hu 
100 1 |a Gottl Dorottya 
245 1 2 |a A modern infokommunikációs technológia szerepe az idősek életében, a jövő lehetőségei, fejlesztési irányok  |c Gottl Dorottya  |h [elektronikus dokumentum] 
695 |a IKT 
695 |a időskor 
695 |a infokommunikáció 
700 1 |a Gombás Dr. Judit  |e ths 
856 4 0 |u http://dolgozattar.uni-bge.hu/2213/7/Gottl%20Dorottya_szakdolgozat.pdf  |z Dokumentum-elérés